000 01253nam a22002537a 4500
999 _c58153
_d58153
003 Ge_BSU
005 20210707123450.0
008 210707s2020 ge ||||| |||| 00| 0 geo d
020 _a9789941820724 (ტრილოგია)
020 _a9789941820731 (წიგნი 1)
041 _ageo
080 _a821.353.1-311.6 მ- 44
100 _aმახარაძე, აკაკი
_912168
245 _aიდუმალი ფრონტის რაინდი :
_b ტრილოგია. წიგნი 1, დურგალი /
_cაკაკი მახარაძე ; რედაქტორი ოთარ ცინარიძე.
264 _aბათუმი,
_c2020.
300 _a126 გვ. ;
_b21 სმ.
500 _aტრილოგია ეძღვნება ძმის პროფესორ შოთა მახარაძის ნათელ ხსოვნას.
653 _aტრილოგია
653 _aიდუმალი ფრონტის რაინდი
653 _aდურგალი
653 _aქართული პროზა.
700 _aცინარიძე, ოთარ
_eრედაქტორი
_912169
942 _2udc
_cBK